| 000 | 00764nam a22001817a 4500 | ||
|---|---|---|---|
| 999 |
_c62801 _d62801 |
||
| 003 | Ge_BSU | ||
| 005 | 20250219114447.0 | ||
| 008 | 250219s1981 ge ||||| |||| 00| 0 geo d | ||
| 041 | _ageo | ||
| 080 | _a616.31(479.22)(09) ბ-91 | ||
| 100 |
_aბრეგაძე, გრიგოლ _924396 |
||
| 245 |
_aსტომატოლოგიის განვითარება საქართველოში / _cგრიგოლ ბრეგაძე. |
||
| 264 |
_aთბ. : _bსაბჭ. საქართველო, _c1981. |
||
| 300 |
_a70გვ. : _b პორტრ. ; _c20სმ. |
||
| 653 | _aსტომატოლოგია საქართველოში | ||
| 653 | _aმედიცინა | ||
| 942 |
_2udc _cᲬᲘᲒᲜᲘ |
||